[Event "AUTO-INT-2223"]
[Site "http://www.queenalice.com/game.php?id=1019589"]
[Date "2012.1.29"]
[Round "1"]
[White "Popeye"]
[Black "fitforlife"]
[Result "0-1"]
[WhiteElo "1542"]
[BlackElo "1724"]

1. d4 d5 2. Nf3 Nf6 3. h3 e6 4. a3 Bd6 5. Nc3 O-O 6. Bg5 Nbd7 7. e3 c5 8. Bb5 a6
9. Bxd7 Bxd7 10. Bxf6 Qxf6 11. dxc5 Bxc5 12. O-O Rac8 13. Qd3 h6 14. Nh2 Bd6 15.
Rab1 Qe5 16. f4 Qf6 0-1

[Event "AUTO-INT-2223"]
[Site "http://www.queenalice.com/game.php?id=1019590"]
[Date "2012.1.29"]
[Round "1"]
[White "fitforlife"]
[Black "Popeye"]
[Result "1-0"]
[WhiteElo "1704"]
[BlackElo "1542"]

1. Nf3 d6 2. d4 h6 3. e4 Bg4 4. Be2 Bxf3 5. Bxf3 Nd7 6. Nc3 a6 7. O-O Ngf6 8.
Be3 c6 9. a3 g5 10. Re1 Nb6 11. Qe2 d5 12. e5 Nfd7 13. Bh5 Qc7 14. Qf3 O-O-O 15.
Bxf7 1-0

[Event "AUTO-INT-2223"]
[Site "http://www.queenalice.com/game.php?id=1019592"]
[Date "2012.1.29"]
[Round "1"]
[White "hmshmshms"]
[Black "Popeye"]
[Result "0-1"]
[WhiteElo "1525"]
[BlackElo "1587"]

1. Nf3 d6 2. Nc3 Nf6 3. e4 Bg4 4. Bc4 Bxf3 5. Qxf3 Nc6 6. O-O Nd4 7. Qd3 e5 8.
Nb5 c6 9. Na3 b5 10. Bb3 Nxb3 0-1

[Event "Challenge"]
[Site "http://www.queenalice.com/game.php?id=1024708"]
[Date "2012.2.2"]
[Round "-"]
[White "johnrbrown"]
[Black "Popeye"]
[Result "1-0"]
[WhiteElo "1959"]
[BlackElo "1540"]

1. e4 e5 2. Nf3 d6 3. Bc4 h6 4. O-O Nf6 5. Re1 Nc6 6. c3 Na5 7. Bd3 Bg4 8. b4
Bxf3 9. Qxf3 g6 10. bxa5 Nh5 11. Na3 c6 12. Bc4 f6 13. d4 Qxa5 14. Nc2 Be7 15.
Bb2 O-O-O 16. Reb1 b5 17. Be6+ 1-0

[Event "Rematch from the done time"]
[Site "http://www.queenalice.com/game.php?id=1024709"]
[Date "2012.2.2"]
[Round "-"]
[White "Popeye"]
[Black "johnrbrown"]
[Result "0-1"]
[WhiteElo "1542"]
[BlackElo "1957"]

1. d4 Nf6 2. Nc3 d5 3. h3 c6 4. Nf3 e6 5. Bg5 Be7 6. e3 Nbd7 7. Bxf6 Nxf6 8. a3
O-O 9. g3 b6 10. Bd3 Qc7 11. Ne5 c5 12. Bb5 c4 13. Ba4 a6 14. Bc6 Ra7 15. O-O
Bb7 16. Bxb7 Rxb7 0-1

[Event "AUTO-INT-2248"]
[Site "http://www.queenalice.com/game.php?id=1028011"]
[Date "2012.2.9"]
[Round "1"]
[White "JD"]
[Black "Popeye"]
[Result "1-0"]
[WhiteElo "1748"]
[BlackElo "1550"]

1. c4 c5 2. e3 Nf6 3. a3 Qa5 4. Nc3 Nc6 5. Ra2 a6 6. d4 cxd4 7. exd4 Ne4 8. Bd2
Nxd2 9. Qxd2 e6 10. b4 Qf5 11. Bd3 Qf6 12. d5 1-0

[Event "AUTO-INT-2248"]
[Site "http://www.queenalice.com/game.php?id=1028012"]
[Date "2012.2.9"]
[Round "1"]
[White "Popeye"]
[Black "JD"]
[Result "0-1"]
[WhiteElo "1559"]
[BlackElo "1739"]

1. d4 f5 2. f4 e6 3. Nf3 c5 4. dxc5 Bxc5 5. Nc3 Qb6 6. Qd3 Nc6 7. a3 Nf6 8. h3
d6 9. Nd1 e5 10. fxe5 Nxe5 11. Nxe5 dxe5 0-1

[Event "oldfool"]
[Site "http://www.queenalice.com/game.php?id=1031353"]
[Date "2012.2.20"]
[Round "1"]
[White "oldfool"]
[Black "Popeye"]
[Result "1-0"]
[WhiteElo "1496"]
[BlackElo "1496"]

1. d4 d5 2. e3 Nc6 3. a3 Nf6 4. h3 h6 5. Nf3 Bf5 6. Nh4 Qd7 7. Nf3 e6 8. Be2 g5
9. O-O Ne4 10. Ne1 a6 11. c3 Na5 12. Nd3 c5 13. b4 c4 14. bxa5 cxd3 15. Bxd3 Rc8
16. Bxe4 Bxe4 17. Qb3 Bxb1 18. Rxb1 Rb8 19. f3 Bd6 20. e4 dxe4 21. fxe4 Bc7 22.
e5 Bd8 23. Qb4 Qc7 24. Qa4+ Qd7 25. Qxd7+ Kxd7 26. Rxf7+ Kc6 27. a4 Bxa5 28. Rb3
b6 29. c4 b5 30. Re7 bxc4 31. Rxe6+ Kd7 32. Rxb8 Rxb8 33. Rxa6 Bb6 34. Be3 c3
35. a5 Bc7 36. Rxh6 Rb1+ 37. Kh2 Bxa5 38. e6+ Ke7 39. Bxg5+ Kf8 40. e7+ 1-0

[Event "Challenge"]
[Site "http://www.queenalice.com/game.php?id=1054717"]
[Date "2012.5.1"]
[Round "-"]
[White "Popeye"]
[Black "oldfool"]
[Result "1-0"]
[WhiteElo "1470"]
[BlackElo "1588"]

1. d4 d5 2. Nc3 Nf6 3. h3 h6 4. Nf3 e6 5. Ne5 Bb4 6. Qd3 c6 7. a3 Bd6 8. Qg3 Nh5
9. Qg4 Bxe5 10. dxe5 g6 11. Qd4 g5 12. e4 Nf4 13. g3 Ng6 14. Be2 Qc7 15. Bh5 c5
16. Qa4+ Bd7 17. Qb3 Nxe5 18. Nb5 Qa5+ 19. Qc3 Qxc3+ 20. Nxc3 Bc6 21. f3 d4 22.
Nd1 Nbd7 23. Nf2 O-O 24. f4 Nf6 25. g4 Nxh5 26. gxh5 Nc4 27. b3 Nb6 28. fxg5
hxg5 29. Bxg5 f6 30. Bh4 f5 31. Rg1+ Kh7 32. Rg6 fxe4 33. Rxe6 Rf4 34. Bg3 Rf3
35. Bc7 e3 36. Ng4 Raf8 37. Ke2 Rxh3 38. Nf6+ Kg7 39. Be5 Rh2+ 40. Bxh2 Kf7 41.
Rd6 Bg2 42. Rg1 Bh3 43. Rg3 Be6 44. Rg6 Rh8 45. Be5 Rxh5 46. Nxh5 Kxg6 47. Nf4+
1-0

[Event "oldfool"]
[Site "http://www.queenalice.com/game.php?id=1057100"]
[Date "2012.5.7"]
[Round "2"]
[White "Popeye"]
[Black "ajr"]
[Result "0-1"]
[WhiteElo "1480"]
[BlackElo "1640"]

1. d4 e6 2. Nf3 h6 3. Nc3 Bb4 4. Bd2 Bxc3 5. Bxc3 f6 6. Qd3 Ne7 7. e4 d6 8. e5
Nd5 9. Qg6+ Kf8 10. Be2 Nf4 11. Qe4 g5 12. O-O d5 13. Qe3 f5 14. Bd2 Qe7 15. a3
Nc6 16. Bb5 Bd7 17. Bxc6 Bxc6 18. Qb3 b6 19. Bxf4 gxf4 20. Rfc1 a5 21. c4 dxc4
22. Qxc4 Bxf3 23. gxf3 Rg8+ 24. Kf1 Rc8 25. d5 Kf7 26. d6 Qd7 27. dxc7 Qd2 28.
Qb3 Rg5 29. Qxb6 Qd3+ 30. Ke1 Rg1# 0-1